| 000 | 00704nam a2200217Ia 4500 | ||
|---|---|---|---|
| 005 | 20241129110948.0 | ||
| 008 | 241129s9999||||xx |||||||||||||| ||und|| | ||
| 020 | _a978-1-032-25018-2 | ||
| 037 | _aTB | ||
| 040 |
_aCRL _beng _cCRL |
||
| 041 |
_aeng _2eng |
||
| 084 |
_aR853xN25 R2 _qCRL |
||
| 100 |
_aBuchanan Ian Ed.; Varghese George Ed.; Manoj N. Y. Ed. _9722972 |
||
| 245 | 0 |
_aDeleuze guattari and India: exploring a post postcolonial multiplicity _cBuchanan Ian Ed.; Varghese George Ed.; Manoj N. Y. Ed. |
|
| 260 |
_aLondon, UK _bRoutledge _c2022 |
||
| 300 | _axiii,257p. | ||
| 365 |
_aINR _b995 |
||
| 650 | _aPhilosophy | ||
| 942 |
_cTB _hR853xN25 R2 |
||
| 999 |
_c1228299 _d1228299 |
||